Assault on paradise : social change in a brazilian village

Αποθηκεύτηκε σε:
Λεπτομέρειες βιβλιογραφικής εγγραφής
Κύριος συγγραφέας: Kottak, Conrad Phillip
Μορφή: Βιβλίο
Γλώσσα:English
Δημοσίευση: Boston : McGraw-Hill Coolege, c1999
Έκδοση:3rd ed.
Θέματα:
Ετικέτες: Προσθήκη ετικέτας
Δεν υπάρχουν, Καταχωρήστε ετικέτα πρώτοι!

MARC

LEADER 00000nam a2200000 i 4500
001 1/103090
008 000301s1999 eng d
020 |a 0-07-290180-2 
035 |l 10058335 
040 |a GR-MY-UA  |b gre  |e aacr 
041 0 |a eng 
082 0 |a 306.098142 
100 1 |a Kottak, Conrad Phillip. 
245 1 0 |a Assault on paradise :  |b social change in a brazilian village /  |c Conrad Phillip Kottak 
250 |a 3rd ed. 
260 |a Boston :   |b McGraw-Hill Coolege,   |c c1999 
300 |a xxiv, 279 σ.;  |b εικ., χάρτες;  |c 23 εκ. 
504 |a Περιέχει βιβλιογραφικές παραπομπές και ευρετήριο 
651 0 |a Arembepe (Brazil)  |x Social conditions. 
852 |a INST  |b LESVOS  |e 20000301  |h 306.098142 KOT  |p 005100023888  |q 005100023888  |t BK  |y 0 
901 |a BIBL1-2000-1 
909 |a Λ  |b 073884 
922 |a 1ΕΛΗ  |b 200001  |c ΚΠΣ/ΤΓ  |d LEADER 
950 |a 118-1999-09-03 
970 |a ΤΖΑΦΕΡΗ  |b ΕΥΑΓΓΕΛΙΑ  |z 2000/03/03